Code for sustainable homes (Record no. 108801)
[ view plain ]
| 000 -LEADER | |
|---|---|
| fixed length control field | 01896cad a22002535a 4500 |
| 001 - CONTROL NUMBER | |
| control field | L145459 |
| 008 - FIXED-LENGTH DATA ELEMENTS--GENERAL INFORMATION | |
| fixed length control field | 081013s2008 xxk f f000 0 eng d |
| 020 ## - INTERNATIONAL STANDARD BOOK NUMBER | |
| International Standard Book Number | 9781859461945 |
| 035 ## - SYSTEM CONTROL NUMBER | |
| System control number | (Sirsi) u145459 |
| 041 0# - LANGUAGE CODE | |
| Language code of text/sound track or separate title | eng |
| 050 04 - LIBRARY OF CONGRESS CALL NUMBER | |
| Classification number | 696.9 $2 18 |
| 110 1# - MAIN ENTRY--CORPORATE NAME | |
| Corporate name or jurisdiction name as entry element | United Kingdom |
| Subordinate unit | Department for Communities and Local Government |
| 9 (RLIN) | 4939 |
| 245 00 - TITLE STATEMENT | |
| Title | Code for sustainable homes |
| Remainder of title | technical guide |
| Medium | [electronic resource] |
| 260 ## - PUBLICATION, DISTRIBUTION, ETC. | |
| Place of publication, distribution, etc. | London |
| Name of publisher, distributor, etc. | DCLG |
| Date of publication, distribution, etc. | 2008 |
| 505 2# - FORMATTED CONTENTS NOTE | |
| Formatted contents note | Purpose of the guide -- Organisations delivering the code -- The process of gaining a code rating -- Keeping this guide up to date -- Genering definitions -- Acronyms -- Category one: energy and carbon dioxide emissions -- Category two: water -- Category three: materials -- Category four: surface water runoff -- Category five: waste -- Category six: pollution -- Category seven: health and wellbeing -- Category eight: management -- Category nine: ecology -- References -- Sources of further information |
| 520 ## - SUMMARY, ETC. | |
| Summary, etc. | Revised in October 2008, this technical guidance to the Code for sustainable homes provides more clarity on how water efficiencies are calculated and the future eligibility of different energy sources. The manual contains a detailed list of requirements for each credit area of the "Code for sustainable homes" (L135998) and sets out the process of obtaining a code rating. The guidance explains how new homes can deliver environmental improvements in key areas such as energy use, water, materials and waste. |
| 520 ## - SUMMARY, ETC. | |
| Summary, etc. | Supersedes second edition (L140637). |
| 590 ## - LOCAL NOTE (RLIN) | |
| Local note | KA NTK |
| 650 24 - SUBJECT ADDED ENTRY--TOPICAL TERM | |
| Topical term or geographic name entry element | DCLG CODE FOR SUSTAINABLE HOMES |
| 651 #4 - SUBJECT ADDED ENTRY--GEOGRAPHIC NAME | |
| Geographic name | England and Wales |
| Chronological subdivision | 1543- |
| 690 ## - LOCAL SUBJECT ADDED ENTRY--TOPICAL TERM (OCLC, RLIN) | |
| Topical term or geographic name as entry element | BUILT ENVIRONMENT-BUILDING STANDARDS |
| 856 48 - ELECTRONIC LOCATION AND ACCESS | |
| Uniform Resource Identifier | <a href="https://www.planningportal.gov.uk/uploads/code_for_sustainable_homes_techguide_oct08.pdf">https://www.planningportal.gov.uk/uploads/code_for_sustainable_homes_techguide_oct08.pdf</a> |
| Public note | View the website free of charge at www.planningportal.gov.uk |
| 942 ## - ADDED ENTRY ELEMENTS (KOHA) | |
| Suppress in OPAC | 0 |
| Withdrawn status | Lost status | Source of classification or shelving scheme | Damaged status | Not for loan | Home library | Current library | Shelving location | Date acquired | Total Checkouts | Full call number | Barcode | Date last seen | Copy number | Price effective from | Koha item type |
|---|---|---|---|---|---|---|---|---|---|---|---|---|---|---|---|
| Dewey Decimal Classification | Virtual | Virtual | Online | 13/10/2008 | ONLINE PUBLICATION | 145459-2001 | 06/08/2019 | 1 | 06/08/2019 | Book |